000 00441ntaaa2200181 4500
003 01
005 20251027202036.0
008 0714s1973 ag 01
040 _aAR-BaBN
_bspa
_cAR-BaBN
_eaacr
_dRIC
082 _a251.0000 M61
100 _aMiller, Donald G
245 _aThe way tot biblical preaching
250 _a1 ed.
260 _aNew York :
_bAbingdon Press,
_cc1957
300 _a160 p
650 _ahomilética
_91351
942 _cBK
999 _c15243
_d15243